00286nam a2200133Ia 4500008004100000020001700041050000900058050001500067245001600082260001300098260001700111260000900128300001500137170203s9999 xx 000 0 und d a0-7867840560 aFic  b.D612 1995 aToy Story / aNew York bDisney Press c1995 a104 pages;